ბათუმის შოთა რუსთაველის სახელმწიფო უნივერსიტეტის ბიბლიოთეკა

Дефектоскопия нефтяного оборудования. (ბიბ.ჩანაწერი № 38219)

000 -LEADER
fixed length control field 00731nam a2200229Ia 4500
001 - CONTROL NUMBER
control field 4209
003 - CONTROL NUMBER IDENTIFIER
control field GE_BSU
008 - FIXED-LENGTH DATA ELEMENTS--GENERAL INFORMATION
fixed length control field 181216s||||||||xx |||||||||||||| ||und||
040 ## - CATALOGING SOURCE
Transcribing agency GE_BSU
080 ## - UNIVERSAL DECIMAL CLASSIFICATION NUMBER
Universal Decimal Classification number 620.179.11(075)
100 ## - MAIN ENTRY--PERSONAL NAME
Personal name Субботин,С.С. Соколова,Н.Г. Брюханов О.Ф. и др.
245 ## - TITLE STATEMENT
Title Дефектоскопия нефтяного оборудования.
245 ## - TITLE STATEMENT
Remainder of title Учеб. пособия.
245 ## - TITLE STATEMENT
Statement of responsibility, etc. Ред. изд-во Л.Ф.Маклакова.
260 ## - PUBLICATION, DISTRIBUTION, ETC.
Place of publication, distribution, etc. М.
260 ## - PUBLICATION, DISTRIBUTION, ETC.
Name of publisher, distributor, etc. Недра.
260 ## - PUBLICATION, DISTRIBUTION, ETC.
Date of publication, distribution, etc. 1975.
300 ## - PHYSICAL DESCRIPTION
Extent 264 стр. 23 см.
300 ## - PHYSICAL DESCRIPTION
Accompanying material 15 табл.
653 ## - INDEX TERM--UNCONTROLLED
Uncontrolled term Дефектоскопия нефтяного оборудования.
942 ## - ADDED ENTRY ELEMENTS (KOHA)
Koha item type წიგნი
ეგზემპლარები
Withdrawn status Lost status Damaged status Not for loan Date acquired Barcode Date last seen Price effective from Koha item type Public note
        2018-12-17 9543 2018-12-17 2018-12-17 წიგნი საცავი